Statistics for Animals beginning with the letter J (pictures)

Click here to take the quiz!

General Stats

  • This quiz has been taken 230 times
  • The average score is 5 of 9

Answer Stats

Answer% Correct
Jaguar
99%
Jellyfish
98%
Jackal
80%
Joey
61%
Jackrabbit
57%
Jerboa
28%
Jabiru
18%
Jaguarundi
18%
Jacana
15%

Score Distribution

Percentile by Number Answered

Percent of People with Each Score

Your Score History

You have not taken this quiz